Animal nutrition
में बचाया:
| मुख्य लेखक: | |
|---|---|
| स्वरूप: | पुस्तक |
| भाषा: | Undetermined |
| प्रकाशित: |
New York
John Wiley & Sons, Inc.
1966
|
| विषय: | |
| टैग : |
टैग जोड़ें
कोई टैग नहीं, इस रिकॉर्ड को टैग करने वाले पहले व्यक्ति बनें!
|
| Thư viện lưu trữ: | Trung tâm Học liệu Trường Đại học Cần Thơ |
|---|
| LEADER | 00538nam a2200181Ia 4500 | ||
|---|---|---|---|
| 001 | CTU_126024 | ||
| 008 | 210402s9999 xx 000 0 und d | ||
| 082 | |a 636.085 | ||
| 082 | |b M113 | ||
| 100 | |a McDonald, P. | ||
| 245 | 0 | |a Animal nutrition | |
| 245 | 0 | |c P. McDonald, R. A. Edwards, J. F. D. Greenhalgh | |
| 260 | |a New York | ||
| 260 | |b John Wiley & Sons, Inc. | ||
| 260 | |c 1966 | ||
| 650 | |a Animal nutrition,Feeds,Dinh dưỡng vật nuôi | ||
| 904 | |i Hiếu | ||
| 980 | |a Trung tâm Học liệu Trường Đại học Cần Thơ | ||